| 000 | 00986nam a2200265Ia 4500 | ||
|---|---|---|---|
| 003 | OSt | ||
| 005 | 20220923230949.0 | ||
| 006 | a|||||r|||| 00| 0 | ||
| 007 | ta | ||
| 008 | 220922b |||||||| |||| 00| 0 hin d | ||
| 020 | _c150 | ||
| 024 | _a324,849 | ||
| 037 |
_b1293, 13/03/2018, Akshar Publishers & Distributors _cTextual |
||
| 040 |
_aARTS _cARTS _bhin |
||
| 041 |
_2hin _ahin |
||
| 082 | _aY:1, 152P4 | ||
| 100 | _aसिन्हा, सच्चिदानन्द, ले. | ||
| 245 | 0 | _aसंस्कृति और समाजवाद | |
| 246 | _aSanskṛuti aur samājavāda | ||
| 260 |
_aनयी दिल्ली _b वाणी प्रकाशन _c2004 |
||
| 300 |
_a128पृ. _ccm. |
||
| 650 |
_aभारतीय संस्कृति _9157954 |
||
| 942 |
_hY:1, 152P4 _cTEXL _2CC |
||
| 999 |
_c388477 _d388477 |
||